[Event "Marienbad Open IM2 2020"]
[Site "Marianske Lazne"]
[Date "2020.01.21"]
[Round "5.15"]
[White "Vatsal Singhania"]
[Black "Jurek, Josef"]
[Result "1-0"]
[WhiteElo "2230"]
[BlackElo "2235"]
[Annotator "NA"]
[PlyCount "105"]
[EventDate "2020.01.18"]
[EventType "tourn"]
[EventCountry "CZE"]
[SourceTitle "playchess.com"]
[Source "ChessBase"]
[SourceQuality "1"]
[TimeControl "40/5400+30:1800+30"]

1. e4 {[%emt 0:00:00]} e6 {[%emt 0:00:10]} 2. d4 {[%emt 0:00:00]} d5 {[%emt 0:00:19]} 3. Nd2 {[%emt 0:00:00]} Be7 {[%emt 0:00:27]} 4. Bd3 {[%emt 0:00:00]} c5 {[%emt 0:01:19]} 5. dxc5 {[%emt 0:00:00]} Nf6 {[%emt 0:00:58]} 6. Qe2 {[%emt 0:00:09]} O-O {[%emt 0:01:16]} 7. Ngf3 {[%emt 0:00:12]} a5 {[%emt 0:00:53]} 8. O-O {[%emt 0:01:20]} Na6 {[%emt 0:00:41]} 9. exd5 {[%emt 0:30:23]} exd5 {[%emt 0:10:15]} 10. c6 {[%emt 0:05:10]} bxc6 {[%emt 0:03:54]} 11. Ne5 {[%emt 0:00:11]} Bd6 {[%emt 0:07:49]} 12. Ndf3 {[%emt 0:00:22]} Qc7 {[%emt 0:03:37]} 13. Bf4 {[%emt 0:12:32]} Re8 {[%emt 0:03:55]} 14. Rfe1 {[%emt 0:03:36]} Nc5 {[%emt 0:04:41]} 15. Ng5 {[%emt 0:02:57]} Bg4 {[%emt 0:12:00]} 16. Qe3 {[%emt 0:09:00]} Bh5 {[%emt 0:03:40]} 17. Qg3 {[%emt 0:03:01]} h6 {[%emt 0:05:19]} 18. Nh3 {[%emt 0:02:08]} Nce4 {[%emt 0:03:36]} 19. Bxe4 {[%emt 0:07:56]} Nxe4 {[%emt 0:01:32]} 20. Rxe4 {[%emt 0:00:32]} dxe4 {[%emt 0:00:27]} 21. Ng4 {[%emt 0:00:13]} Bxf4 {[%emt 0:02:00]} 22. Nf6+ {[%emt 0:00:09]} Kh8 {[%emt 0:02:05]} 23. Nxf4 {[%emt 0:00:21]} gxf6 {[%emt 0:07:13]} 24. Ng6+ {[%emt 0:00:16]} Bxg6 {[%emt 0:01:09]} 25. Qxc7 {[%emt 0:00:07]} Rec8 {[%emt 0:02:58]} 26. Qf4 {[%emt 0:00:56]} Kg7 {[%emt 0:00:12]} 27. Rd1 {[%emt 0:00:15]} Ra7 {[%emt 0:05:21]} 28. Rd6 {[%emt 0:03:28]} f5 {[%emt 0:00:21]} 29. h4 {[%emt 0:00:14]} h5 {[%emt 0:01:34]} 30. Qe5+ {[%emt 0:01:17]} Kh7 {[%emt 0:00:40]} 31. a4 {[%emt 0:02:04]} Rb7 {[%emt 0:02:32]} 32. b3 {[%emt 0:00:04]} c5 {[%emt 0:02:00]} 33. Qd5 {[%emt 0:00:06]} Rb4 {[%emt 0:01:37]} 34. Rd7 {[%emt 0:02:42]} Kg7 {[%emt 0:01:28]} 35. Qe5+ {[%emt 0:00:48]} Kg8 {[%emt 0:02:20]} 36. Qf6 {[%emt 0:03:28]} Rbb8 {[%emt 0:00:46]} 37. Kh2 {[%emt 0:01:41]} c4 {[%emt 0:00:53]} 38. Kg3 {[%emt 0:00:38]} cxb3 {[%emt 0:01:14]} 39. cxb3 {[%emt 0:00:05]} e3 {[%emt 0:03:57]} 40. fxe3 {[%emt 0:00:13]} Rxb3 {[%emt 0:02:14]} 41. Kf4 {[%emt 0:30:50]} Rbc3 {[%emt 0:02:28]} 42. Rd8+ {[%emt 0:00:00]} Rxd8 {[%emt 0:00:19]} 43. Qxd8+ {[%emt 0:00:00]} Kh7 {[%emt 0:00:20]} 44. Qxa5 {[%emt 0:00:00]} Rc4+ {[%emt 0:02:39]} 45. Kf3 {[%emt 0:00:00]} Rxh4 {[%emt 0:01:06]} 46. Qb5 {[%emt 0:00:00]} Rh1 {[%emt 0:05:25]} 47. a5 {[%emt 0:00:00]} Ra1 {[%emt 0:00:44]} 48. a6 {[%emt 0:00:00]} h4 {[%emt 0:02:40]} 49. Qb7 {[%emt 0:00:00]} f4 {[%emt 0:03:16]} 50. exf4 {[%emt 0:00:00]} Ra3+ {[%emt 0:02:14]} 51. Kg4 {[%emt 0:00:00]} Kh6 {[%emt 0:01:15]} 52. a7 {[%emt 0:00:00]} h3 {[%emt 0:01:40]} 53. a8=Q {[%emt 0:00:00]} 1-0

[Event "Marienbad Open IM2 2020"]
[Site "Marianske Lazne"]
[Date "2020.01.22"]
[Round "6.11"]
[White "Tancsa, Tamas"]
[Black "Jurek, Josef"]
[Result "1/2-1/2"]
[WhiteElo "2193"]
[BlackElo "2235"]
[Annotator "NA"]
[PlyCount "39"]
[EventDate "2020.01.18"]
[EventType "tourn"]
[EventCountry "CZE"]
[SourceTitle "playchess.com"]
[Source "ChessBase"]
[SourceQuality "1"]
[TimeControl "40/5400+30:1800+30"]

1. e4 {[%emt 0:00:00]} c5 {[%emt 0:00:00]} 2. Nf3 {[%emt 0:00:00]} e6 {[%emt 0:00:05]} 3. d4 {[%emt 0:00:00]} cxd4 {[%emt 0:00:11]} 4. Nxd4 {[%emt 0:00:00]} Nc6 {[%emt 0:00:41]} 5. Nb5 {[%emt 0:02:41]} d6 {[%emt 0:00:42]} 6. c4 {[%emt 0:00:34]} Nf6 {[%emt 0:00:20]} 7. N1c3 {[%emt 0:00:23]} a6 {[%emt 0:00:23]} 8. Na3 {[%emt 0:00:23]} b6 {[%emt 0:00:35]} 9. Be3 {[%emt 0:01:45]} Bb7 {[%emt 0:00:36]} 10. f3 {[%emt 0:00:24]} Be7 {[%emt 0:00:58]} 11. Be2 {[%emt 0:01:27]} O-O {[%emt 0:00:54]} 12. O-O {[%emt 0:00:16]} Nb8 {[%emt 0:01:55]} 13. Qd2 {[%emt 0:00:29]} Nbd7 {[%emt 0:00:24]} 14. Nc2 {[%emt 0:01:31]} Qc7 {[%emt 0:01:46]} 15. Rac1 {[%emt 0:05:07]} Rac8 {[%emt 0:01:24]} 16. Nd4 {[%emt 0:00:52]} Qb8 {[%emt 0:01:52]} 17. Kh1 Rfe8 {[%emt 0:01:31]} 18. b4 {[%emt 0:01:18]} d5 {[%emt 0:19:56]} 19. cxd5 {[%emt 0:15:16]} exd5 {[%emt 0:01:41]} 20. Nxd5 {[%emt 0:01:57]} 1/2-1/2

[Event "Marienbad Open IM2 2020"]
[Site "Marianske Lazne"]
[Date "2020.01.22"]
[Round "6.12"]
[White "Vetokhin, Savva"]
[Black "Vatsal Singhania"]
[Result "0-1"]
[WhiteElo "2113"]
[BlackElo "2230"]
[Annotator "TA"]
[PlyCount "118"]
[EventDate "2020.01.18"]
[EventType "tourn"]
[EventCountry "CZE"]
[SourceTitle "playchess.com"]
[Source "ChessBase"]
[SourceQuality "1"]

{[%evp 15,118,19,28,0,0,0,0,-16,30,22,24,22,21,18,19,18,21,20,41,33,61,57,77,72,85,41,89,66,85,72,86,19,52,-167,-158,-181,-178,-180,-181,-192,-182,-281,-284,-281,-279,-356,-358,-359,-340,-358,-344,-348,-323,-295,-196,-204,-197,-173,-145,-141,-141,-142,-149,-531,-528,-610,-577,-752,-775,-829,-775,-12838,-12835,-5691,-1610,-12836,-12836,-12842,-12843,-12843,-12843,-12844,-12844,-12845,-12845,-12845,-12846,-12846,-12839,-12843,-12844,-12845,-12846,-12846,-12845,-12845,-12845,-12846,-12845,-12850,-12850,-12850,-12850,-12850,-12850]} 1. e4 c5 2. Nf3 d6 3. d4 cxd4 4. Nxd4 Nf6 5. f3 Nc6 6. c4 Qb6 7. Nc2 g6 8. Nc3 Bg7 9. Bd2 {B55: Sicilian: 2...d6 3 d4 cxd4 4 Nxd4 Nf6 5 f3} (9. Rb1 O-O 10. Be3 Qa5 11. Be2 Be6 12. b4 Qc7 13. Nb5 Qc8 14. Rc1 a5 15. a3 Nd7 16. O-O Nde5 17. Ncd4 axb4 18. axb4 Nxb4 19. Nxe6 fxe6 {1-0 (42) Yemelin,V (2571)-Korobov,A (2670) St Petersburg 2010}) 9... O-O 10. Rb1 Be6 11. Be3 {The position is equal.} Qd8 $146 ({Predecessor:} 11... Qc7 12. Qd2 Nd7 13. Be2 f5 14. exf5 Bxf5 15. O-O Qa5 16. b4 Qe5 {1-0 (29) Nielsen,V (2247)-Vesterli,M (2158) Taastrup 2018}) 12. Be2 Nd7 13. Nd4 Nxd4 14. Bxd4 Bxd4 15. Qxd4 Qb6 16. Qxb6 axb6 17. Kd2 f5 18. exf5 gxf5 19. b3 Nc5 20. Bd3 Rf6 21. Rhe1 Kf8 22. Re2 Bf7 23. f4 (23. Rbe1 $16) 23... e6 24. Rd1 $2 (24. Ke3 $14) 24... Bh5 $19 25. Bc2 Rg6 26. g3 Bxe2 27. Kxe2 Ke7 28. a4 (28. b4 $142 Na6 29. a3) 28... h5 29. Kf3 {[#]} h4 $1 30. Nb5 (30. gxh4 Rh8) 30... hxg3 31. hxg3 Rag8 32. Rg1 Rh6 33. Nd4 Rh2 34. b4 {[#]} Ne4 $1 35. Bxe4 fxe4+ 36. Kxe4 {[%mdl 4096] Endgame KRR-KRN} Rb2 37. Rh1 Rxb4 {[%mdl 64] Double Attack} 38. Rh7+ {[#]} Kf6 $1 39. Rh6+ $2 {[%mdl 8192]} (39. Rd7 $17 {nothing else works.}) 39... Rg6 {Black is clearly winning.} 40. Rxg6+ Kxg6 41. Nxe6 Rxc4+ {KR-KN} 42. Kd5 Rxa4 43. Kxd6 Kf5 44. Ng7+ Kf6 45. Ne8+ Kf7 46. Nc7 Rc4 47. Nb5 Kf6 48. Na3 Rc6+ 49. Kd5 Rc3 {[%mdl 64] Double Attack} 50. Nc4 b5 51. Nb6 Rc7 52. Kd4 Ke6 53. f5+ Kxf5 54. Nd5 Rc4+ 55. Kd3 Ke5 56. Ne3 Rc7 57. Nc2 Rg7 58. Kc3 Rg4 59. Ne1 Kd5 {Accuracy: White = 33%, Black = 65%.} 0-1

[Event "Marienbad Open IM2 2020"]
[Site "Marianske Lazne"]
[Date "2020.01.22"]
[Round "6.13"]
[White "Sharma Isha"]
[Black "Nguyen, Alex Dac-Vuong"]
[Result "1/2-1/2"]
[WhiteElo "2169"]
[BlackElo "2401"]
[Annotator "TA"]
[PlyCount "108"]
[EventDate "2020.01.18"]
[EventType "tourn"]
[EventCountry "CZE"]
[SourceTitle "playchess.com"]
[Source "ChessBase"]
[SourceQuality "1"]

{[%evp 25,108,25,22,0,0,0,0,0,91,95,71,0,20,29,23,22,52,-2,-20,-12,0,-18,-18,-27,0,-7,-11,-37,0,-37,0,0,0,0,31,27,43,13,70,63,49,0,0,0,14,2,6,-4,0,-47,0,0,0,0,0,0,0,0,0,0,0,0,0,0,0,-42,0,0,0,-37,0,-64,0,0,0,0,0,0,0,-44,0,0,0,-54,0]} 1. e4 e6 2. d4 d5 3. Nd2 Nf6 4. e5 Nfd7 5. Bd3 c5 6. c3 Nc6 7. Ne2 cxd4 8. cxd4 f6 9. exf6 Nxf6 10. Nf3 Bd6 11. O-O Qc7 12. Bg5 O-O 13. Bh4 Nh5 14. Rc1 {C06: French Tarrasch: 3...Nf6 4 e5 Nfd7 5 Bd3 main lines} (14. Qc2 h6 15. Bh7+ Kh8 16. Bg6 Nf4 17. Nxf4 Rxf4 18. Bg3 Rxf3 19. gxf3 Qe7 20. Rad1 Bd7 21. Qc3 Rf8 22. Bb1 Kg8 {1-0 (41) Artemiev,V (2653)-Onischuk,V (2615) Martuni 2016}) 14... Rxf3 15. gxf3 Bxh2+ 16. Kg2 {The position is equal.} Bd6 (16... Bf4 $1 $11) 17. Rh1 $16 g6 18. Bb1 $146 ({White should play} 18. Bg3 $16) ({Predecessor:} 18. Bg3 Nxg3 19. fxg3 Qg7 20. f4 Bd7 21. Qd2 Bb4 22. Qe3 Ba5 23. Rh2 Bb6 24. Rch1 h5 25. Bxg6 Qxg6 26. Rxh5 Bd8 27. Rh8+ Kg7 28. f5 {1-0 (28) Breckenridge,S (2291)-Camacho,C (2182) Richardson 2013}) 18... Nf4+ 19. Nxf4 Bxf4 20. Rc3 Qg7 21. Rd3 (21. Bg3 $14 Bxg3 22. fxg3) 21... Bd7 $11 22. Qb3 b6 23. Qd1 Rf8 24. Bg3 Qe7 25. Rh4 Bg5 26. Rh1 Bf6 {[%mdl 1024] Black has compensation.} 27. Rd2 Qg7 {[%cal Rf6d4]} 28. Bf4 $1 h5 {[%cal Rf6d4]} 29. Be3 Be8 30. Rg1 Be7 31. Qe2 Bd6 (31... Bf6 $11) 32. Kf1 Kh7 33. Rd1 (33. Rg5 $5 {[%cal Rg5h5]}) 33... Qf6 34. f4 Kh8 35. Rd2 Ne7 36. Rg3 Nf5 37. Rg1 (37. Bxf5 $5 Qxf5 38. Kg2 $11) 37... Ne7 38. Rg5 Bxf4 39. Bxf4 Qxf4 40. Qe5+ Qxe5 41. Rxe5 Rf6 42. Kg2 Nc6 43. Rg5 Kg7 44. Kg3 Nd8 45. Kg2 Rf4 46. Kg3 Rf6 47. Kg2 Rf4 48. Bc2 (48. Kg3 $11 Rf6) 48... b5 ({Better is} 48... Kf6 $15 49. Rg3 g5) 49. Kg3 Rf6 {[#] aiming for ...Nf7.} 50. Re5 Nc6 51. Rg5 Nd8 $36 {[%mdl 2048] Strongly threatening ...Nf7. Black fights for an advantage.} 52. Kg2 Rf4 53. Kg3 Rf6 {Hoping for ...Nf7.} 54. Kg2 Rf4 {Accuracy: White = 54%, Black = 40%.} ({Black should try} 54... Kh6 $15 55. Rg3 Nc6) 1/2-1/2

[Event "Marienbad Open IM2 2020"]
[Site "Marianske Lazne"]
[Date "2020.01.22"]
[Round "6.14"]
[White "Marszalek, Maciej"]
[Black "Gorbatov, Alexej"]
[Result "1/2-1/2"]
[WhiteElo "2314"]
[BlackElo "2355"]
[Annotator "NA"]
[PlyCount "67"]
[EventDate "2020.01.18"]
[EventType "tourn"]
[EventCountry "CZE"]
[SourceTitle "playchess.com"]
[Source "ChessBase"]
[SourceQuality "1"]
[TimeControl "40/5400+30:1800+30"]

1. d4 {[%emt 0:00:00]} d5 {[%emt 0:00:00]} 2. c4 {[%emt 0:00:00]} e6 {[%emt 0:00:00]} 3. Nf3 {[%emt 0:00:00]} c5 {[%emt 0:00:01]} 4. cxd5 {[%emt 0:01:08]} exd5 {[%emt 0:00:03]} 5. Nc3 {[%emt 0:00:23]} Nf6 {[%emt 0:00:31]} 6. g3 {[%emt 0:00:08]} Nc6 {[%emt 0:00:05]} 7. Bg2 {[%emt 0:00:06]} cxd4 {[%emt 0:00:07]} 8. Nxd4 {[%emt 0:00:20]} Bc5 {[%emt 0:00:02]} 9. Nxc6 {[%emt 0:01:41]} bxc6 {[%emt 0:00:07]} 10. O-O {[%emt 0:00:09]} O-O {[%emt 0:00:12]} 11. Na4 {[%emt 0:01:16]} Bb6 {[%emt 0:04:01]} 12. Nxb6 {[%emt 0:00:31]} axb6 {[%emt 0:00:06]} 13. Qc2 {[%emt 0:04:11]} Bb7 {[%emt 0:07:28]} 14. Rd1 {[%emt 0:02:58]} Qe7 {[%emt 0:00:34]} 15. Bg5 {[%emt 0:04:26]} h6 {[%emt 0:03:35]} 16. Bxf6 {[%emt 0:01:38]} Qxf6 {[%emt 0:00:02]} 17. a4 {[%emt 0:02:20]} Rfd8 {[%emt 0:02:36]} 18. e3 {[%emt 0:07:55]} c5 {[%emt 0:09:41]} 19. a5 {[%emt 0:10:36]} Ra6 {[%emt 0:14:24]} 20. axb6 {[%emt 0:04:00]} Rxb6 {[%emt 0:07:16]} 21. Rab1 {[%emt 0:05:12]} c4 {[%emt 0:02:35]} 22. b3 {[%emt 0:05:00]} Rb4 {[%emt 0:07:43]} 23. bxc4 {[%emt 0:02:51]} Rxc4 {[%emt 0:00:02]} 24. Qa2 {[%emt 0:17:01]} Bc6 {[%emt 0:11:54]} 25. Qe2 {[%emt 0:05:07]} Ra4 {[%emt 0:08:25]} 26. Rbc1 {[%emt 0:00:43]} Bb7 {[%emt 0:02:06]} 27. Qc2 {[%emt 0:09:49]} Rc4 {[%emt 0:04:15]} 28. Qb1 {[%emt 0:00:41]} Rxc1 {[%emt 0:01:01]} 29. Qxc1 {[%emt 0:00:35]} Qb6 {[%emt 0:05:12]} 30. Qb1 {[%emt 0:00:28]} Qxb1 {[%emt 0:00:55]} 31. Rxb1 {[%emt 0:00:02]} Ba6 {[%emt 0:01:25]} 32. Rd1 {[%emt 0:00:58]} Bc4 {[%emt 0:00:01]} 33. Bf1 {[%emt 0:05:00]} Rc8 {[%emt 0:01:11]} 34. Rc1 1/2-1/2

[Event "Marienbad Open IM2 2020"]
[Site "Marianske Lazne"]
[Date "2020.01.22"]
[Round "6.15"]
[White "Strebkovs, Andrejs"]
[Black "Hilwerda, Jonas"]
[Result "1-0"]
[WhiteElo "2278"]
[BlackElo "2230"]
[Annotator "NA"]
[PlyCount "81"]
[EventDate "2020.01.18"]
[EventType "tourn"]
[EventCountry "CZE"]
[SourceTitle "playchess.com"]
[Source "ChessBase"]
[SourceQuality "1"]
[TimeControl "40/5400+30:1800+30"]

1. d4 {[%emt 0:00:00]} Nf6 {[%emt 0:00:00]} 2. c4 {[%emt 0:00:00]} g6 {[%emt 0:00:00]} 3. f3 {[%emt 0:00:50]} Bg7 {[%emt 0:00:00]} 4. e4 {[%emt 0:00:08]} d6 {[%emt 0:00:00]} 5. Nc3 {[%emt 0:00:14]} O-O {[%emt 0:00:07]} 6. Be3 {[%emt 0:00:04]} c5 {[%emt 0:00:12]} 7. dxc5 {[%emt 0:03:11]} dxc5 {[%emt 0:00:04]} 8. Qxd8 {[%emt 0:00:08]} Rxd8 {[%emt 0:00:02]} 9. Bxc5 {[%emt 0:00:17]} Nc6 {[%emt 0:00:06]} 10. Be3 {[%emt 0:04:34]} Be6 {[%emt 0:07:02]} 11. Rd1 {[%emt 0:08:17]} Nd7 {[%emt 0:07:46]} 12. Nd5 {[%emt 0:07:25]} Bxb2 {[%emt 0:16:33]} 13. Rb1 {[%emt 0:04:52]} Bxd5 {[%emt 0:11:34]} 14. cxd5 {[%emt 0:01:47]} Bc3+ {[%emt 0:00:07]} 15. Kf2 {[%emt 0:01:55]} Na5 {[%emt 0:00:42]} 16. Nh3 {[%emt 0:02:51]} a6 {[%emt 0:13:52]} 17. Nf4 {[%emt 0:06:12]} b5 {[%emt 0:03:06]} 18. Be2 {[%emt 0:01:53]} Rdc8 {[%emt 0:06:29]} 19. Rhc1 {[%emt 0:02:28]} Rc7 {[%emt 0:08:44]} 20. d6 {[%emt 0:01:08]} exd6 {[%emt 0:01:53]} 21. Nd5 {[%emt 0:00:08]} Rac8 {[%emt 0:00:04]} 22. Nxc7 {[%emt 0:06:33]} Rxc7 {[%emt 0:00:02]} 23. Bd2 {[%emt 0:01:14]} Bd4+ {[%emt 0:00:34]} 24. Ke1 {[%emt 0:02:00]} Nc4 {[%emt 0:02:07]} 25. Bxc4 {[%emt 0:04:57]} bxc4 {[%emt 0:00:02]} 26. Rb4 {[%emt 0:03:30]} Nb6 {[%emt 0:05:51]} 27. Bc3 {[%emt 0:02:06]} Bxc3+ {[%emt 0:02:02]} 28. Rxc3 {[%emt 0:00:04]} Rc6 {[%emt 0:00:05]} 29. Kd2 {[%emt 0:03:11]} g5 {[%emt 0:06:04]} 30. Ra3 {[%emt 0:02:36]} Nd7 {[%emt 0:00:59]} 31. Rba4 {[%emt 0:01:02]} Nc5 {[%emt 0:00:43]} 32. Rxc4 {[%emt 0:00:48]} Kg7 {[%emt 0:00:07]} 33. Rd3 {[%emt 0:05:32]} Kf6 {[%emt 0:01:00]} 34. Rd5 {[%emt 0:01:00]} Ke6 {[%emt 0:01:28]} 35. Rxg5 {[%emt 0:00:45]} f5 {[%emt 0:00:46]} 36. Ke3 {[%emt 0:03:20]} fxe4 {[%emt 0:00:05]} 37. fxe4 {[%emt 0:00:19]} Rb6 {[%emt 0:00:16]} 38. Rh5 {[%emt 0:01:24]} Rb2 {[%emt 0:00:26]} 39. Rh6+ {[%emt 0:01:11]} Ke5 {[%emt 0:00:13]} 40. Rd4 {[%emt 0:00:40]} Re2+ {[%emt 0:00:59]} 41. Kxe2 {[%emt 0:30:16] Kd5} 1-0

[Event "Marienbad Open IM2 2020"]
[Site "Marianske Lazne"]
[Date "2020.01.23"]
[Round "7.11"]
[White "Hilwerda, Jonas"]
[Black "Tancsa, Tamas"]
[Result "1-0"]
[WhiteElo "2230"]
[BlackElo "2193"]
[Annotator "TA"]
[PlyCount "47"]
[EventDate "2020.01.18"]
[EventType "tourn"]
[EventCountry "CZE"]
[SourceTitle "playchess.com"]
[Source "ChessBase"]
[SourceQuality "1"]

{[%evp 14,61,6,-16,2,0,0,0,6,-1,50,27,28,33,68,68,66,60,47,43,127,120,311,224,223,218,397,270,301,239,279,244,235,233,375,363,381,379,455,435,6427,6616,6287,6279,5588,5685,1770,897,846,831]} 1. e4 e5 2. Nf3 Nc6 3. d4 exd4 4. Nxd4 Nf6 5. Nxc6 bxc6 6. e5 Qe7 7. Qe2 Nd5 8. h4 d6 {C45: Scotch Game} (8... Qe6 9. Nd2 a5 10. Nf3 Ba6 11. c4 Bb4+ 12. Bd2 Bxd2+ 13. Qxd2 Nb6 14. b3 c5 15. O-O-O Bb7 16. Bd3 {1-0 (60) Nepomniachtchi,I (2773)-Vidit,S (2722) Kolkata 2019}) 9. c4 Nb6 10. exd6 cxd6 {The position is equal.} 11. Be3 Ba6 (11... d5 $11) 12. Qc2 $146 ({Predecessor:} 12. Nd2 d5 13. Qg4 h5 14. Qg5 Qxg5 15. Bxg5 dxc4 16. O-O-O {1-0 (32) Wiese Jozwiak,M (2270)-Strzalka,J (2160) Poznan 1989}) 12... g6 13. Nd2 {[%cal Bb1d2,Bd2e4,Be4c5,Bc5b3][%mdl 32] [#] Strongly threatening c5.} Bg7 14. c5 Bxf1 15. Kxf1 {Threatens to win with Bg5.} Nd5 16. Bg5 $36 {[%mdl 2048] White is more active.} Qc7 ({Black should try} 16... Qb7 $1 $14) 17. Re1+ $16 Kd7 $2 (17... Kf8 $16) 18. Ne4 Rhe8 19. Rd1 ({Don't play} 19. cxd6 $6 Qb6 $14) 19... Be5 $2 (19... Rab8 {was necessary.}) 20. Rh3 f5 21. cxd6 Qb6 22. Nc5+ Kxd6 23. Nb3 Rab8 (23... Ke6 {keeps fighting.} 24. Qc4 Kf7) 24. h5 {Played: Rh3-d3} 1-0

[Event "Marienbad Open IM2 2020"]
[Site "Marianske Lazne"]
[Date "2020.01.23"]
[Round "7.12"]
[White "Gorbatov, Alexej"]
[Black "Strebkovs, Andrejs"]
[Result "1/2-1/2"]
[WhiteElo "2355"]
[BlackElo "2278"]
[Annotator "TA"]
[PlyCount "80"]
[EventDate "2020.01.18"]
[EventType "tourn"]
[EventCountry "CZE"]
[SourceTitle "playchess.com"]
[Source "ChessBase"]
[SourceQuality "1"]

{[%evp 9,80,-17,-21,0,34,33,43,12,10,16,33,28,37,44,60,24,60,77,127,115,124,114,107,74,83,65,70,66,55,59,80,78,77,67,76,81,86,83,83,52,51,53,55,47,51,14,14,14,14,14,14,14,14,14,14,14,20,8,11,12,22,0,0,0,0,0,0,0,0,0,0,0,0]} 1. d4 d5 2. Nc3 Nf6 3. Bf4 g6 4. Qd2 Bg7 5. Bh6 Bxh6 6. Qxh6 {D01: Veresov Opening} c5 7. dxc5 Qa5 {[#] Hoping for ...d4.} 8. O-O-O {White is slightly better.} Qxc5 {...d4 is the strong threat.} 9. e3 Nc6 10. Nge2 Bf5 11. Nd4 O-O-O 12. Bb5 $146 ({Predecessor:} 12. Nxf5 gxf5 13. Bd3 {1-0 (64) Grischuk,A (2810)-Dominguez Perez,L (2726) Beijing 2014}) 12... Ne4 13. Nxe4 Bxe4 14. Bxc6 $1 bxc6 15. f3 Bf5 16. Nxf5 gxf5 17. Rd3 Qd6 18. Qg7 f6 19. Qh6 Rdg8 20. g3 Kc7 21. Ra3 Ra8 22. Rd1 Rhb8 23. Rd4 ({Much weaker is} 23. Qxh7 $6 Qe5 $11) 23... Qe5 24. f4 Qe6 25. Qh5 a5 26. Qe2 Rb5 27. c4 Rc5 {The position is equal.} 28. Rc3 Rxc4 29. Rdxc4 dxc4 30. Qxc4 Qxc4 31. Rxc4 $11 {[%mdl 4096] Endgame KR-KR} Rb8 32. Kc2 e6 33. Kc3 h5 34. Ra4 Rb5 35. b4 axb4+ 36. Rxb4 Ra5 37. Kb3 Rd5 38. Kc2 Ra5 39. Kb3 Rd5 40. Kc2 Ra5 {Accuracy: White = 64%, Black = 80%.} 1/2-1/2

[Event "Marienbad Open IM2 2020"]
[Site "Marianske Lazne"]
[Date "2020.01.23"]
[Round "7.13"]
[White "Nguyen, Alex Dac-Vuong"]
[Black "Marszalek, Maciej"]
[Result "0-1"]
[WhiteElo "2401"]
[BlackElo "2314"]
[Annotator "TA"]
[PlyCount "106"]
[EventDate "2020.01.18"]
[EventType "tourn"]
[EventCountry "CZE"]
[SourceTitle "playchess.com"]
[Source "ChessBase"]
[SourceQuality "1"]

{[%evp 17,106,33,26,4,10,0,15,10,12,-13,16,21,18,18,12,20,27,0,18,0,0,0,18,0,7,0,0,-78,-82,-95,-100,-94,-102,-102,-114,-168,-172,-231,-231,-235,-235,-239,-239,-239,-239,-239,-239,-312,-239,-242,-239,-258,-222,-324,-326,-437,-430,-417,-414,-417,-411,-389,-456,-481,-485,-479,-462,-471,-383,-521,-515,-541,-507,-694,-715,-1295,-812,-1095,-1061,-1461,-1489,-1481,-1390,-1260,-1148,-1979,-1781,-1194,-1957,-1677,-1367]} 1. c4 g6 2. g3 Bg7 3. Bg2 Nf6 4. Nc3 O-O 5. e4 d6 6. Nge2 c5 7. O-O Nc6 8. d3 Ne8 9. Be3 Nd4 10. h3 {A36: Symmetrical English vs ...g6: 4 Bg2 Bg7} Nc7 11. Rb1 Rb8 12. b4 {The position is equal.} Bd7 13. f4 b6 14. Qd2 f5 15. bxc5 bxc5 16. Rxb8 Qxb8 17. Rb1 {[#]} Qd8 $146 ({Predecessor:} 17... Nxe2+ 18. Qxe2 {½-½ (28) Nevednichy,V (2593)-Nataf,I (2549) Budva 2003}) 18. Nd5 Nxe2+ 19. Qxe2 fxe4 20. dxe4 Ne6 21. f5 Nd4 22. Bxd4 (22. Qg4 $11) 22... Bxd4+ $17 23. Kh1 e6 $36 {[%mdl 2048] Black has strong initiative.} ({Much weaker is} 23... gxf5 $6 24. exf5 Kh8 25. Rb7 $11 (25. Nxe7 $2 Re8 $19) (25. Qxe7 Qxe7 26. Nxe7 Re8 $11)) 24. fxe6 Bxe6 25. Rf1 Be5 26. Rxf8+ (26. Nf4 $17 Qe7 27. Rf3) 26... Qxf8 $19 27. Kh2 {[#]} (27. Qe1 {is a better defense.}) 27... h5 $1 28. Qf3 h4 $1 {White must now prevent ...Qh6.} 29. Qxf8+ Kxf8 {[%mdl 4096] Endgame KBB-KBN} 30. Bf3 Bxg3+ 31. Kg2 Kf7 32. Be2 a5 33. Bf1 Bd7 34. Be2 Be1 35. Nb6 (35. Ne3 $142) 35... Bc6 36. Bf3 Ke6 37. Kf1 Bd2 38. Ke2 Bg5 39. Kd3 Ke5 40. Nd5 Bd7 41. Bg2 Bd8 42. Bf1 a4 {[%cal Ba5a4,Ba4a3][%mdl 32]} 43. Bg2 Ba5 {Black is clearly winning.} 44. Bf1 a3 45. Ne3 Kf4 46. Nc2 Bb4 47. Bg2 Kg3 48. Bf1 Kf2 49. Ne3 Ba5 50. Bg2 Bd8 51. e5 Bg5 52. Bd5 Bxe3 53. e6 Be8 {Accuracy: White = 40%, Black = 88%.} 0-1